<?xml version="1.0" encoding="UTF-8"?><?xml-stylesheet type="text/xsl" href="static/style.xsl"?><OAI-PMH xmlns="http://www.openarchives.org/OAI/2.0/" xmlns:xsi="http://www.w3.org/2001/XMLSchema-instance" xsi:schemaLocation="http://www.openarchives.org/OAI/2.0/ http://www.openarchives.org/OAI/2.0/OAI-PMH.xsd"><responseDate>2026-06-02T03:50:51Z</responseDate><request verb="GetRecord" identifier="oai:riuma.uma.es:10630/18643" metadataPrefix="marc">https://riuma.uma.es/rest/oai/request</request><GetRecord><record><header><identifier>oai:riuma.uma.es:10630/18643</identifier><datestamp>2026-02-03T11:46:48Z</datestamp><setSpec>com_10630_2254</setSpec><setSpec>col_10630_37959</setSpec></header><metadata><record xmlns="http://www.loc.gov/MARC21/slim" xmlns:dcterms="http://purl.org/dc/terms/" xmlns:doc="http://www.lyncode.com/xoai" xmlns:xsi="http://www.w3.org/2001/XMLSchema-instance" xsi:schemaLocation="http://www.loc.gov/MARC21/slim http://www.loc.gov/standards/marcxml/schema/MARC21slim.xsd">
   <leader>00925njm 22002777a 4500</leader>
   <datafield ind2=" " ind1=" " tag="042">
      <subfield code="a">dc</subfield>
   </datafield>
   <datafield ind2=" " ind1=" " tag="720">
      <subfield code="a">Draper-Fontanals, Cristina</subfield>
      <subfield code="e">author</subfield>
   </datafield>
   <datafield ind2=" " ind1=" " tag="260">
      <subfield code="c">2019-10-28</subfield>
   </datafield>
   <datafield ind2=" " ind1=" " tag="520">
      <subfield code="a">For each central simple symplectic triple system over the real numbers, the standard enveloping Lie algebra and the algebra of inner derivations of the triple provide a  reductive pair related to a semi-Riemannian homogeneous manifold. &#xd;
This manifold turns out to be   an Einstein manifold. &#xd;
&#xd;
Our construction is inspired in 3-Sasakian Geometry. The geometry of any 3-Sasakian homogeneous manifold is very well codified in Lie theoretical terms, appearing complex &#xd;
symplectic triple systems when describing the horizontal part of the tangent space. So, our new family can be seen as a split version of the 3-Sasakian homogeneous manifolds, a kind of split-quaternionic geometry.&#xd;
&#xd;
Recent results with Alberto Elduque lead to the classification of the simple real symplectic triple systems and hence to a precise description of the related reductive pairs.</subfield>
   </datafield>
   <datafield ind1="8" ind2=" " tag="024">
      <subfield code="a">https://hdl.handle.net/10630/18643</subfield>
   </datafield>
   <datafield tag="653" ind2=" " ind1=" ">
      <subfield code="a">Einstein, Variedades de</subfield>
   </datafield>
   <datafield tag="653" ind2=" " ind1=" ">
      <subfield code="a">Lie, Algebras de</subfield>
   </datafield>
   <datafield ind2="0" ind1="0" tag="245">
      <subfield code="a">A  new family of   Einstein manifolds based on nonassociative structures</subfield>
   </datafield>
</record>
</metadata></record></GetRecord></OAI-PMH>